[Event "Lippe Cup 01st"]
[Site "Lieme"]
[Date "2004.10.24"]
[Round "5"]
[White "Brockmueller, Daniel"]
[Black "Krueger, Tim"]
[Result "0-1"]
[WhiteElo "1342"]
[BlackElo "1642"]
[PlyCount "76"]
[EventDate "2004.10.22"]
[EventType "swiss"]
[EventRounds "5"]
[EventCountry "GER"]
[SourceTitle "EXT 2012"]
[Source "ChessBase"]
[SourceDate "2011.11.24"]
[SourceVersion "1"]
[SourceVersionDate "2011.11.24"]
[SourceQuality "1"]

1. d4 Nf6 2. c4 e5 3. Bg5 exd4 4. Qxd4 Be7 5. Nf3 Nc6 6. Qh4 d6 7. e3 Bf5 8. a3 Qd7 9. Nd4 Ne5 10. Nxf5 Qxf5 11. Qf4 Qc2 12. Nd2 Ng6 13. Qd4 Qf5 14. Bxf6 Bxf6 15. Qe4+ Qxe4 16. Nxe4 Be7 17. Bd3 Ne5 18. Be2 f5 19. Nc3 0-0-0 20. 0-0 Nd7 21. Nd5 Bf6 22. Rab1 Rhf8 23. Bd3 g6 24. f4 Nc5 25. Bc2 c6 26. Nxf6 Rxf6 27. b4 Ne4 28. Rfe1 Nd2 29. Ra1 Nxc4 30. Re2 Re8 31. Bd3 Nxe3 32. Rae1 Rfe6 33. h3 Kd7 34. Kf2 Nd5 35. Rxe6 Rxe6 36. Rxe6 Kxe6 37. Kf3 Nf6 38. a4 b6 0-1